যন্ত্রণা-চাপ : (Record no. 48337)
[ view plain ]
| 000 -LEADER | |
|---|---|
| fixed length control field | 01052nam a2200253 a 4500 |
| 001 - CONTROL NUMBER | |
| control field | 48337 |
| 003 - CONTROL NUMBER IDENTIFIER | |
| rucl marc code | BD-RjUL |
| 005 - DATE AND TIME OF LATEST TRANSACTION | |
| control field | 20211209054514.0 |
| 008 - FIXED-LENGTH DATA ELEMENTS--GENERAL INFORMATION | |
| fixed length control field | 160813s1978 bg ||||| |||| 00| 0 ben d |
| 020 ## - INTERNATIONAL STANDARD BOOK NUMBER | |
| Terms of availability | TK.10 |
| 035 ## - SYSTEM CONTROL NUMBER | |
| System control number | (BD-RjUL)48456 |
| 040 ## - CATALOGING SOURCE | |
| Original cataloging agency | BD-RjUL |
| Language of cataloging | ben |
| Transcribing agency | BD-RjUL |
| 041 ## - LANGUAGE CODE | |
| Language code of text/sound track or separate title | ben |
| 082 ## - DEWEY DECIMAL CLASSIFICATION NUMBER | |
| Edition number | 23 |
| Classification number | 822 |
| Author mark and year | WIJ 1978 |
| 100 ## - MAIN ENTRY--PERSONAL NAME | |
| Personal name | ওয়াইল্ডার, থর্ন টন |
| 9 (RLIN) | 146315 |
| 245 ## - TITLE STATEMENT | |
| Title | যন্ত্রণা-চাপ : |
| Remainder of title | তিন অঙ্কের নাটক / |
| Statement of responsibility, etc. | থর্ন টন ওয়াইল্ডার ,আসকার ইব নে্ শাইখ (অনুবাদক) |
| 250 ## - EDITION STATEMENT | |
| Edition statement | ২য় সং. |
| 260 ## - PUBLICATION, DISTRIBUTION, ETC. (IMPRINT) | |
| Place of publication, distribution, etc. | ঢাকা : |
| Name of publisher, distributor, etc. | খোশরোজ কিতাব মহল, |
| Date of publication, distribution, etc. | ১৯৭৮ |
| 300 ## - PHYSICAL DESCRIPTION | |
| Pagination | ১৩৯ পৃ. ; |
| Size | ২২ সেমি. |
| 650 ## - SUBJECT ADDED ENTRY--TOPICAL TERM | |
| Topical term or geographic name as entry element | ইংরেজি নাটক |
| 9 (RLIN) | 146316 |
| Form subdivision | বাংলা অনুবাদ |
| Topical term or geographic name as entry element | English drama |
| Form subdivision | translate into Bengali |
| 9 (RLIN) | 146524 |
| 700 ## - ADDED ENTRY--PERSONAL NAME | |
| Personal name | শাইখ, আসকার ইব নে্ |
| 942 ## - ADDED ENTRY ELEMENTS (KOHA) | |
| Source of classification or shelving scheme | Dewey Decimal Classification |
| Koha item type | Books |
| Lost status | Source of classification or shelving scheme | Damaged status | Not for loan | Collection code | Permanent Location | Current Location | Shelving location | Date acquired | Source of acquisition | Total Checkouts | Full call number | Date last seen | Copy number | Koha item type |
|---|---|---|---|---|---|---|---|---|---|---|---|---|---|---|
| Dewey Decimal Classification | Non-fiction | Central Library, University of Rajshahi | Central Library, University of Rajshahi | 10/02/1983 | Amirican book center dhaka | B 822 WIJ 1978 | 13/08/2016 | C-2 | Books | |||||
| Dewey Decimal Classification | Non-fiction | Central Library, University of Rajshahi | Central Library, University of Rajshahi | 10/02/1983 | Amirican book center dhaka | B 822 WIJ 1978 | 13/08/2016 | C-3 | Books | |||||
| Dewey Decimal Classification | Non-fiction | Central Library, University of Rajshahi | Central Library, University of Rajshahi | 10/02/1983 | Amirican book center dhaka | B 822 WIJ 1978 | 13/08/2016 | C-4 | Books | |||||
| Dewey Decimal Classification | Non-fiction | Central Library, University of Rajshahi | Central Library, University of Rajshahi | 10/02/1983 | Amirican book center dhaka | B 822 WIJ 1978 | 13/08/2016 | C-5 | Books | |||||
| Dewey Decimal Classification | Non-fiction | Central Library, University of Rajshahi | Central Library, University of Rajshahi | 10/02/1983 | Amirican book center dhaka | B 822 WIJ 1978 | 13/08/2016 | C-6 | Books | |||||
| Dewey Decimal Classification | Non-fiction | Central Library, University of Rajshahi | Central Library, University of Rajshahi | 10/02/1983 | Amirican book center dhaka | B 822 WIJ 1978 | 13/08/2016 | C-7 | Books | |||||
| Dewey Decimal Classification | Non-fiction | Central Library, University of Rajshahi | Central Library, University of Rajshahi | 10/02/1983 | Amirican book center dhaka | B 822 WIJ 1978 | 13/08/2016 | C-8 | Books | |||||
| Dewey Decimal Classification | Non-fiction | Central Library, University of Rajshahi | Central Library, University of Rajshahi | 10/02/1983 | Amirican book center dhaka | B 822 WIJ 1978 | 14/08/2016 | C-9 | Books | |||||
| Dewey Decimal Classification | Non-fiction | Central Library, University of Rajshahi | Central Library, University of Rajshahi | 10/02/1983 | Amirican book center dhaka | B 822 WIJ 1978 | 14/08/2016 | C-10 | Books | |||||
| Dewey Decimal Classification | Not For Loan | Non-fiction | Central Library, University of Rajshahi | Central Library, University of Rajshahi | Reading Room | 10/02/1983 | Amirican book center dhaka | B 822 WIJ 1978 | 14/08/2016 | C-1 | Books |